Heart of Darkness Franchise - Statistics

General Stats
  • This quiz has been taken 8 times
  • The average score is 4 of 8
Answer Stats
Type Year Name Info % Correct
Novella 1899 Heart of Darkness Joseph Conrad
100%
TV Film 1993 Heart of Darkness TNT
100%
Opera 2011 Heart of Darkness Tarik O'Regan
100%
Film 1979 Apocalypse Now United Artists
83%
Film 2001 Apocalypse Now Redux Miramax Films
33%
Lecture 2017 An Image of Africa: Racism in Conrad's Heart of Darkness Chinua Achebe
0%
Film 1989 Cannibal Women in the Avocado Jungle of Death Paramount
0%
Documentary 1991 Heart of Darkness: A Filmmaker's Apocalypse Triton Pictures / Cineplex Odeon Films / Odyssey Communications
0%
No matching quizzes found
Score Distribution
Percent of People with Each Score
Percentile by Number Answered
Your Score History
You have not taken this quiz